Bài giảng xử lý nước thải I

Bài giảng gồm 7 chương trình bày thành phần và tính chất nước thải, các quy định về bảo vệ nguồn nước, phân loại các phương pháp xử lý nước thải,... và xử lý nước thải bằng các quá trình tự nhiên....

Cijeli opis

Spremljeno u:
Bibliografski detalji
Glavni autor: Lê, Hoàng Việt
Format: Knjiga
Jezik:Undetermined
Izdano: Cần Thơ Trường Đại học Cần Thơ 2000
Teme:
Oznake: Dodaj oznaku
Bez oznaka, Budi prvi tko označuje ovaj zapis!
Thư viện lưu trữ: Trung tâm Học liệu Trường Đại học Cần Thơ
LEADER 00978nam a2200205Ia 4500
001 CTU_39108
008 210402s9999 xx 000 0 und d
082 |a 628.4 
082 |b V308 
100 |a Lê, Hoàng Việt 
245 0 |a Bài giảng xử lý nước thải I 
245 0 |c Lê Hoàng Việt (Biên soạn) 
260 |a Cần Thơ 
260 |b Trường Đại học Cần Thơ 
260 |c 2000 
520 |a Bài giảng gồm 7 chương trình bày thành phần và tính chất nước thải, các quy định về bảo vệ nguồn nước, phân loại các phương pháp xử lý nước thải,... và xử lý nước thải bằng các quá trình tự nhiên. 
650 |a Factory and trade waste,Hydraulic engineering,Sewerage,Wastewaters 
650 |x Purification,Purification 
904 |i Trọng Hải 
980 |a Trung tâm Học liệu Trường Đại học Cần Thơ